书目信息 |
| 题名: |
美女摄影用光教程
|
|
| 作者: | 伍振荣 主编 ;胡民炜 , Stephen NG , 黎韶琪 编著 | |
| 分册: | ||
| 出版信息: | 北京 人民邮电出版社 2009.09 |
|
| 页数: | 111页 | |
| 开本: | 26cm | |
| 丛书名: | ||
| 单 册: | ||
| 中图分类: | J413 | |
| 科图分类: | ||
| 主题词: | 人像摄影--Ren Xiang She Ying--摄影照明--照明技巧--教材 | |
| 电子资源: | ||
| ISBN: | 978-7-115-20962-7 | |
| 000 | 00936nam0 2200253 450 | |
| 001 | 0011214279 | |
| 005 | 20100531181955.17 | |
| 010 | @a978-7-115-20962-7@dCNY49.00 | |
| 100 | @a20100515d2009 em y0chiy0110 ea | |
| 101 | 0 | @achi |
| 102 | @aCN@b110000 | |
| 105 | @aa z 000yy | |
| 200 | 1 | @a美女摄影用光教程@Amei nu she ying yong guang jiao cheng@f伍振荣主编@g黎韶琪,胡民炜编著@gStephen NG摄影 |
| 210 | @a北京@c人民邮电出版社@d2009.09 | |
| 215 | @a111页@c图@d26cm | |
| 330 | @a本书是一本实用的影室人像摄影用光教程。主要内容包括:建立自己的摄影工作室、影室人像摄影基本用光技巧、影室人像摄影高级用光技巧、摄影化妆、与模特沟通的技巧等。 | |
| 606 | 0 | @a人像摄影@ARen Xiang She Ying@x摄影照明@x照明技巧@j教材 |
| 690 | @aJ413@v4 | |
| 701 | 0 | @a伍振荣@Awu zhen rong@4主编 |
| 702 | 0 | @a胡民炜@Ahu min wei@4编著 |
| 702 | 0 | @aStephen NG@4摄影 |
| 702 | 0 | @a黎韶琪@Ali shao qi@4编著 |
| 801 | 0 | @aCN@c20100515 |
| 905 | @dJ413@eW949@f3 | |
| 美女摄影用光教程/伍振荣主编/黎韶琪,胡民炜编著/Stephen NG摄影.-北京:人民邮电出版社,2009.09 |
| 111页:图;26cm |
| ISBN 978-7-115-20962-7:CNY49.00 |
| 本书是一本实用的影室人像摄影用光教程。主要内容包括:建立自己的摄影工作室、影室人像摄影基本用光技巧、影室人像摄影高级用光技巧、摄影化妆、与模特沟通的技巧等。 |
| ● |
| 相关链接 |
|
|
|
正题名:美女摄影用光教程
索取号:J413/W949
 
预约/预借
| 序号 | 登录号 | 条形码 | 馆藏地/架位号 | 状态 | 备注 |
| 1 | 985400 | 209854004 | 社科库309/309社科库 84排2列1层/ [索取号:J413/W949] | 在馆 | |
| 2 | 985401 | 209854013 | 社科库309/309社科库 84排2列1层/ [索取号:J413/W949] | 在馆 | |
| 3 | 985402 | 209854022 | 社科库309/309社科库 84排2列1层/ [索取号:J413/W949] | 在馆 |